000 00522nam a2200181Ia 4500
008 151018s9999 xx 000 0 und d
082 _bRBASDV46341
_a891.433
100 _aसुदर्शन भाटीया
245 _aमंथन
250 _b1
260 _bअभिव्यक्ती
_c2005
300 _a128
600 _aसुदर्शन भाटीया
630 _aमंथन
700 _aसुदर्शन भाटीया
730 _aमंथन
942 _cBOOK
999 _c1045503
_d1045500